Encyclopaedia of modern education / (Record no. 5572)

MARC details
000 -LEADER
fixed length control field 00789 a2200193 4500
010 ## - LCCN (DPL NO)
LC control number ENG-86905-08
020 ## - INTERNATIONAL STANDARD BOOK NUMBER
International Standard Book Number 8131301753 (set)
Terms of availability 2000.00 (set)
035 ## - SYSTEM CONTROL NUMBER
System control number EN-70438-41
037 ## - SOURCE OF ACQUISITION
Source of stock number/acquisition DBAD / PUB
082 14 - DEWEY DECIMAL CLASSIFICATION NUMBER
Classification number 370.3
100 1# - MAIN ENTRY--PERSONAL NAME
Personal name Mishra, R.C.
245 1# - TITLE STATEMENT
Title Encyclopaedia of modern education /
Statement of responsibility, etc by R.C. Mishra
260 ## - PUBLICATION, DISTRIBUTION, ETC. (IMPRINT)
Place of publication, distribution, etc New Delhi
Name of publisher, distributor, etc A P H Publishing
Date of publication, distribution, etc 2007
270 ## - ADDRESS
Address 5, Ansari Road, Darya Ganj
City New Delhi
300 ## - PHYSICAL DESCRIPTION
Extent 4 V. (viii, 248p.; viii, 242p.; ix, 264p.; viii, 242p.)
Dimensions 21 cm (Hb)
500 ## - GENERAL NOTE
General note This book published in 4 vols. & set price is 2000.00
505 ## - FORMATTED CONTENTS NOTE
Formatted contents note v.1 Classroom behaviour (viii, 248p.) - v.2 Classroom management (viii, 242p.) - v.3 Lesson planning (ix, 264p.) - v.4 Teaching styles (viii, 242p.)
942 ## - ADDED ENTRY ELEMENTS (KOHA)
Institution code [OBSOLETE] dpl
Item type English Books
Source of classification or shelving scheme Dewey Decimal Classification
Classification part 370.3
Call number suffix MIS
Holdings
Withdrawn status Lost status Not for loan Collection code Home library Current library Source of acquisition Cost, normal purchase price Full call number Barcode Copy number Cost, replacement price Koha item type
    Not For Loan Non-fiction D.B.Act.Division D.B.Act.Division DBAD/PUB 2000.00 370.3 MIS EN-70438 1 2000.00 English Books
    Not For Loan Non-fiction D.B.Act.Division D.B.Act.Division DBAD/PUB 2000.00 370.3 MIS EN-70439 1 2000.00 English Books
    Not For Loan Non-fiction D.B.Act.Division D.B.Act.Division DBAD/PUB 2000.00 370.3 MIS EN-70440 1 2000.00 English Books
    Not For Loan Non-fiction D.B.Act.Division D.B.Act.Division DBAD/PUB 2000.00 370.3 MIS EN-70441 1 2000.00 English Books

© Delhi Public Library
Hit Counter
free hit counter